Регионална библиотека "Любен Каравелов" - Русе

Български народни песни от Македония (Запис номер 322573)

MARC детайли
000 -Лидер
Контролно поле с фиксирана дължина 01331nam a22002897a 4500
003 - Код на организацията, давaща контролен номер
Контролно поле BLK
005 - Дата и час на последна редакция
Контролно поле 20240313005511.0
008 - Елементи от данни с фиксирана дължина
fixed length control field 180418b bul||||| |||| 00| 0 bul d
040 ## - Източник на каталожния запис
Идентификатор на билиотеката - собственик на записа BLK
041 ## - Код за език
Код за езика на текст/звукозапис или на отделно заглавие Български
Код за езика КДБФ Български
072 ## - Код за тематичната категория
9 (RLIN) 178180
Код за тематична категория А
Текст Фонд Михаил Арнаудов
080 ## - УДК
Текстов определител УДК Българска литература
УДК код - определител по УДК 821.163.2
УДК определител -1
УДК - код + определител 821.163.2-1
100 ## - Редна дума - Автор
Автор Михайлов, Панчо
Авторска отговорност събр.
R(LIN) 363268
139 ## - Редно поле
Авторски знак Бъл - Б 92
245 ## - Сведения за заглавието
Заглавие Български народни песни от Македония
Редно поле (дума) Събрал Панчо Михайлов ; С предг. от М. Арнаудов
257 ## - Страна на издаване
Страна на създаване/издаване България
260 ## - Област на издателските данни
9 (RLIN) 241519
Място на издаване, разпространение и проч. София
Име на издателя, разпространителя и проч. Щипско благотвор. братство
Година на издаване 1924
Печатница (София : Св. Климент)
300 ## - Физическа характеристика
Страници XV, 295 с.
Размери/Мащаб 24 см
380 ## - Жанр
Жанр Худож. лит.
490 ## - СЕРИИ (Колекции)
9 (RLIN) 396381
Име на серия Частна колекция - Академик Михаил Арнаудов
Бележки за серията Дарение - Основен фонд
500 ## - Общи забележки
Забележка Пълното име на авт. Панчо Михайлов Апостолов. - Мека подв., неразрязани ; инв. № 120000820255 - твърда подв.
700 1# - Други автори (авторска отговорност)
Лично име Арнаудов, Михаил Петров
9 (RLIN) 33558
852 ## - Местоположение
Форматна сигнатура МА 67
852 ## - Местоположение
Форматна сигнатура Цб 8.240.29658
Фондова буква Хранилище
999 ## - СИСТЕМНИ КОНТРОЛНИ НОМЕРА
Koha biblionumber 322573
Koha biblioitemnumber 322573
942 ## - АРТИКУЛИ
Вид на библиотечния материал Книги
Скрит в OPAC Не
Периодичен библиозапис Да
999 ## - СИСТЕМНИ КОНТРОЛНИ НОМЕРА
Koha biblioitemnumber 322573
944 ## - СЪЗДАВАНЕ И РЕДАКЦИЯ на ЗАПИСА
Служител, извършил регистрацията/редакцията
Статус, дата на статуса CRON CRON
Наличности
Код за отписване Код за изгубен артикул Източник на класификационната схема Код за повреда Коз за рестрикции Код за отдаване Артикулен № Име на библиотеката - собственик Име на библиотеката, в която се намира в момента Статус (Текущо местоположение) Дата на вписване в системата Местоположение - отдел Цена в лева Инвентарен номер Систематично азбучна сигнатура Баркод Цена в евро Служебен тип на артикула
  Не е изгубен Universal Decimal Classification Не е повреден само за читалня Специални фондове ( старопечатни, редки и ценни, фонд М. Арнаудов) 676497 Регионална библиотека "Любен Каравелов" Русе Регионална библиотека "Любен Каравелов" Русе Фонд "Михаил Арнаудов" 2018-04-18 Фонд "Михаил Арнаудов" 1.00 319884 МА 67 120000319884 0.51 Книги
  Не е изгубен Universal Decimal Classification Не е повреден само за читалня Специални фондове ( старопечатни, редки и ценни, фонд М. Арнаудов) 688374 Регионална библиотека "Любен Каравелов" Русе Регионална библиотека "Любен Каравелов" Русе Фонд "Михаил Арнаудов" 2019-01-17 Фонд "Михаил Арнаудов" 100.00   МА 67 120000820254 51.13 Книги
  Не е изгубен Universal Decimal Classification Не е повреден само за читалня Специални фондове ( старопечатни, редки и ценни, фонд М. Арнаудов) 688379 Регионална библиотека "Любен Каравелов" Русе Регионална библиотека "Любен Каравелов" Русе Фонд "Михаил Арнаудов" 2019-01-17 Фонд "Михаил Арнаудов" 100.00   МА 67 120000820255 51.13 Книги
  Не е изгубен Universal Decimal Classification Не е повреден само за читалня ползва се в читалня 849986 Регионална библиотека "Любен Каравелов" Русе Регионална библиотека "Любен Каравелов" Русе Хранилище 2021-08-24 Основен фонд - ползва се само за читалня 0.48 29658 Цб 8.240.29658 900000075528 0.25 Книги
Vip Innovations Ltd, Rousse, Bulgaria 2025